Danish Cities - Sudden death - Statistics

General Stats
  • This quiz has been taken 86 times
  • The average score is 6 of 10
Answers on the Grid
Answers color-coded by a green-red scale on the quiz's grid according to % correct below.
Frederikssund
Florø
Copenhagen
Hellerup
Hvedemel
Slagelse
Ålesund
Kristiansand
Hvidovre
Rønne
Vimmerby
Raseborg
Skagen
Køstby
Rom
Svaneholm
Åbenrå
Lyngdal
Risør
Herning
 
Answer Stats
Answer % Correct
Copenhagen
96%
Skagen
63%
Hellerup
61%
Herning
61%
Slagelse
57%
Hvidovre
54%
Rønne
54%
Åbenrå
50%
Frederikssund
50%
Rom
9%
No matching quizzes found
Score Distribution
Percent of People with Each Score
Percentile by Number Answered
Your Score History
You have not taken this quiz